000 00619nam a2200241Ia 4500
003 OSt
005 20221005114041.0
006 a|||||r|||| 00| 0
007 ta
008 221004b |||||||| |||| 00| 0 mar d
024 _a40325
037 _cTextual
040 _aCRL
_cCRL
_bmar
041 _2mar
_amar
082 _aO155,2MDE,1, G3
100 _aDesai Vasant shantaram
_9625380
245 0 _aAmrit sidhi
260 _c1933
300 _a79p.
_ccm.
650 _aMARATHI LITERATURE
_938000
942 _hO155,2MDE,1, G3
_cTEXL
_2cc
999 _c1030104
_d1030104